Les pokémon présents dans Pokémon Champions - Statistiques

Statistiques générales
  • Ce quiz a été pris 11 fois
  • Le résultat moyen est 186 sur 258
Statistiques - réponses
Type de quiz Pokémon % Correct
Eau Aligatueur
100%
Feu Arcanin
100%
Feu/Roche Arcanin de Hisui
100%
Eau/Vol Bekipan
100%
Insecte/Acier Cizayox
100%
Eau Clamiral
100%
Eau/Ténèbres Clamiral de Hisui
100%
Insecte/Poison Dardargnan
100%
Glace/Ténèbres Dimoret
100%
Feu/Vol Dracaufeu
100%
Dragon/Vol Dracolosse
100%
Spectre/Poison Ectoplasma
100%
Plante/Poison Empiflor
100%
Combat/Poison Farfurex
100%
Feu Feunard
100%
Plante/Poison Florizarre
100%
Roche/Acier Galeking
100%
Combat/Psy Gallame
100%
Psy/Fée Gardevoir
100%
Glace Givrali
100%
Plante Majaspic
100%
Eau/Dragon Méga Aligatueur
100%
Insecte/Acier Méga Cizayox
100%
Insecte/Poison Méga Dardargnan
100%
Feu/Dragon Méga Dracaufeu X
100%
Feu/Vol Méga Dracaufeu Y
100%
Dragon/Vol Méga Dracolosse
100%
Spectre/Poison Méga Ectoplasma
100%
Plante/Poison Méga Florizarre
100%
Acier Méga Galeking
100%
Combat/Psy Méga Gallame
100%
Plante/Fée Méga Méganium
100%
Fée/Vol Méga Mélodelfe
100%
Plante Méganium
100%
Roche/Vol Méga Ptéra
100%
Feu/Combat Méga Roitiflam
100%
Normal/Vol Méga Roucarnage
100%
Eau/Psy Méga Staross
100%
Sol/Acier Méga Steelix
100%
Ténèbres/Spectre Méga Ténéfix
100%
Eau Méga Tortank
100%
Fée Mélodelfe
100%
Electrik Pikachu
100%
Roche/Vol Ptéra
100%
Electrik Raichu
100%
Feu/Combat Roitiflam
100%
Normal Ronflex
100%
Normal/Vol Roucarnage
100%
Eau/Psy Staross
100%
Sol/Acier Steelix
100%
Ténèbres/Spectre Ténéfix
100%
Eau Tortank
100%
Feu Typhlosion
100%
Feu/Spectre Typhlosion de Hisui
100%
Vol/Acier Airmure
86%
Psy Alakazam
86%
Eau Aquali
86%
Poison Arbok
86%
Plante/Spectre Archéduc
86%
Plante/Combat Archéduc de Hisui
86%
Combat Bétochef
86%
Spectre Branette
86%
Dragon/Sol Carchacrok
86%
Combat/Psy Charmina
86%
Feu Chartor
86%
Ténèbres/Sol Crocorible
86%
Feu/Ténèbres Démolosse
86%
Psy Eoko
86%
Plante Feuiloutan
86%
Feunard d'Alola
86%
Eau/Psy Flagadoss
86%
Feu Flamoutan
86%
Eau Flotoutan
86%
Normal Lockpin
86%
Combat/Acier Lucario
86%
Combat Mackogneur
86%
Vol/Acier Méga Airmure
86%
Psy Méga Alakazam
86%
Spectre Méga Branette
86%
Dragon/Sol Méga Carchacrok
86%
Combat/Psy Méga Charmina
86%
Feu/Ténèbres Méga Démolosse
86%
Plante/Poison Méga Empiflor
86%
Psy/Acier Méga Eoko
86%
Eau/Psy Méga Flagadoss
86%
Psy/Fée Méga Gardevoir
86%
Normal/Combat Méga Lockpin
86%
Combat/Acier Méga Lucario
86%
Glace/Spectre Méga Momartik
86%
Glace Méga Oniglali
86%
Electrik/Dragon Méga Pharamp
86%
Insecte/Vol Méga Scarabrute
86%
Insecte/Combat Méga Scarhino
86%
Psy Mentali
86%
Insecte/Poison Migalos
86%
Normal Miradar
86%
Glace/Spectre Momartik
86%
Electrik/autre Motisma
86%
Ténèbres Noctali
86%
Fée Nymphali
86%
Glace Oniglali
86%
Electrik Pharamp
86%
Plante Phyllali
86%
Eau/Acier Pingoléon
86%
Feu Pyroli
86%
Eau/Psy Roigada
86%
Insecte Scarabrute
86%
Insecte/Combat Scarhino
86%
Feu/Combat Simiabraz
86%
Eau Tarpaud
86%
Normal Tauros
86%
Plante/Sol Torterra
86%
Spectre Tutankafer
86%
Electrik Voltali
86%
Dragon/Vol Altaria
71%
Eau/Ténèbres Amphinobi
71%
Eau/Fée Azumarill
71%
Roche/Acier Bastiodon
71%
Plante/Combat Blindépique
71%
Plante/Glace Blizzaroi
71%
Combat/Vol Brutalibré
71%
Dragon/Vol Bruyverne
71%
Feu/Sol Camérupt
71%
Roche Charkos
71%
Glace/Roche Dragmara
71%
Electrik Elecsprint
71%
Plante/Fée Farfaduvet
71%
Feu/Ténèbres Félinferno
71%
Poison/Psy Flagadoss de Galar
71%
Fée Florges
71%
Spectre/Sol Golemastoc
71%
Feu/Psy Goupelin
71%
Sol Hippodocus
71%
Normal Kangourex
71%
Ténèbres Léopardus
71%
Eau/Vol Léviator
71%
Glace/Sol Mammochon
71%
Dragon/Fée Méga Altaria
71%
Eau/Ténèbres Méga Amphinobi
71%
Plante/Combat Méga Blindépique
71%
Plante/Glace Méga Blizzaroi
71%
Combat/Vol Méga Brutalibré
71%
Feu/Sol Méga Camérupt
71%
Electrik Méga Elecsprint
71%
Spectre/Sol Méga Golemastoc
71%
Feu/Psy Méga Goupelin
71%
Normal Méga Kangourex
71%
Eau/Ténèbres Méga Léviator
71%
Psy Méga Mistigrix
71%
Normal/Fée Méga Nanméouïe
71%
Eau/Ténèbres Méga Sharpedo
71%
Roche/Ténèbres Méga Tyranocif
71%
Normal Métamorph
71%
Poison Miasmax
71%
Psy Mistigrix
71%
Normal Morphéo
71%
Dragon Muplodocus
71%
Normal Nanméouie
71%
Eau/Fée Oratoria
71%
Feu/Insecte Pyrax
71%
Roche/Dragon Rexillius
71%
Psy/Poison Roigada de Galar
71%
Sol/Vol Scorvol
71%
Eau/Ténèbres Sharpedo
71%
Psy Symbios
71%
Combat Tauros de Paldea
71%
Combat/Eau Tauros de Paldea (Race Aquatique)
71%
Combat/Feu Tauros de Paldea (Race Flamboyante)
71%
Ténèbres/Dragon Trioxhydre
71%
Roche/Ténèbres Tyranocif
71%
Ténèbres Zoroark
71%
Normal/Spectre Zoroark de Hisui
71%
Ténèbres Absol
57%
Normal/Vol Bazoucan
57%
Combat/Poison Coatox
57%
Fée Cocotine
57%
Vol/Acier Corvaillus
57%
Normal Couafarel
57%
Combat/Glace Crabominable
57%
Fée Cupcanaille
57%
Fée/Electrik Dedenne
57%
Plante/Spectre Desséliande
57%
Dragon/Normal Draïeul
57%
Electrik/Vol Emolga
57%
Acier/Spectre Exagide
57%
Normal/Sol Excavarenne
57%
Feu/Vol Flambusard
57%
Insecte/Acier Foretress
57%
Eau Gamblast
57%
Insecte/Roche Hachécateur
57%
Normal/Electrik Iguolta
57%
Sol/Electrik Limonde
57%
Sol/Acier Limonde de Galar
57%
Feu/Spectre Lugulabre
57%
Electrik Luxray
57%
Ténèbres Méga Absol
57%
Combat/Glace Méga Crabominable
57%
Dragon/Normal Méga Draïeul
57%
Fée Méga Floette
57%
Feu/Spectre Méga Lugulabre
57%
Glace/Psy M.Glaquette
57%
Eau Milobellus
57%
Sol/Acier Minotaupe
57%
Dragon/Acier Muplodocus de Hisui
57%
Combat/Ténèbres Pandarbare
57%
Eau/Spectre Paragruel
57%
Glace Polagriffe
57%
Insecte/Vol Prismillon
57%
Plante/Poison Roserade
57%
Glace Séracrawl
57%
Glace Sorbouboul
57%
Ténèbres/Spectre Spiritomb
57%
Acier/Fée Trousselin
57%
Spectre/Sol Tutétékri
57%
Plante/Spectre Banshitrouye
43%
Sol Bourrinos
43%
Plante/Dragon Dratatin
43%
Sol Dunaconda
43%
Dragon/Combat Ekaiser
43%
Normal Famignol
43%
Feu/Spectre Flamigator
43%
Roche/Poison Floréclat
43%
Normal/Psy Gouroutan
43%
Dragon/Spectre Lanssorien
43%
Roche Lougaroc
43%
Roche/Poison Méga Floréclat
43%
Sol/Acier Méga Minotaupe
43%
Feu/Plante Méga Scovilain
43%
Plante/Ténèbres Miascarade
43%
Eau/Combat Palmaval
43%
Plante/Dragon Pomdrapi
43%
Dragon/Acier Pondralugon
43%
Combat Quartermac
43%
Ténèbres/Acier Scalpereur
43%
Feu/Plante Scovilain
43%
Glace/Roche Séracrawl de Hisui
43%
Psy/Fée Sorcilence
43%
Plante Sucreine
43%
Eau/Insecte Tarenbulle
43%
Feu/Psy Carmadura
29%
Normal/Psy Cerbyllin
29%
Psy Cléopsytra
29%
Normal/Psy Farigiraf
29%
Acier/Fée Forgelina
29%
Roche Gigansel
29%
Feu/Poison Malamandre
29%
Feu/Spectre Malvalame
29%
Fée/Spectre Mimiqui
29%
Electrik/Ténèbres Morpeko
29%
Spectre Polthégeist
29%
Plante/Dragon Pomdorochi
29%
Eau/Poison Prédastérie
29%
Eau Superdofin
29%
Plante/Spectre Théffroyable
29%
Electrik Ampibidou
14%
Fée Charmilly
14%
Acier Ferdeter
14%
Fée Floette Eternelle
14%
Aucun quiz correspondant
Distribution des résultats
% des personnes avec chaque résultat
Percentile par nombre de réponses
Votre historique - résultats
Vous n’avez pas pris ce quiz